000 00582nam a2200193Ia 4500
008 131103s9999 xx 000 0 und d
040 _aLoreto College
041 _aEnglish
082 _a915/LEO
_bLCBED/10163
100 _aLeong, Goh Cheng
245 _aCertificate physical and human geography
_cGoh Cheng Leong; edited by A. E. T. Barrow
260 _aCalcutta
_bOxford University Press
_c1976
300 _a105p.
_b ill.
_c 23cm.
440 _aNew oxford progressive geography
504 _aIncludes index
650 _aGeography
850 _aLCBED/915/LEO
942 _cBK
999 _c29265
_d79744